सी डी एस परीक्षा (Record no. 36006)

MARC details
000 -LEADER
fixed length control field 01709nam a22002537a 4500
005 - DATE AND TIME OF LATEST TRANSACTION
control field 20100508123557.0
008 - FIXED-LENGTH DATA ELEMENTS--GENERAL INFORMATION
fixed length control field 100508t xxu||||| |||| 00| 0 hin d
020 ## - INTERNATIONAL STANDARD BOOK NUMBER
International Standard Book Number 9788183481588
Terms of availability 425.00
035 ## - SYSTEM CONTROL NUMBER
System control number B-406502
037 ## - SOURCE OF ACQUISITION
Source of stock number/acquisition DBAD/VEN/सुरेन्द्र कुमार एंड संस
040 ## - CATALOGING SOURCE
Original cataloging agency DPL
Language of cataloging HN
082 ## - DEWEY DECIMAL CLASSIFICATION NUMBER
Classification number 000
245 ## - TITLE STATEMENT
Title सी डी एस परीक्षा
Remainder of title सम्मिलित रक्षा सेवा /
260 ## - PUBLICATION, DISTRIBUTION, ETC. (IMPRINT)
Place of publication, distribution, etc मेरठ
Name of publisher, distributor, etc अरिहन्त पब्लिकेशन्स
Date of publication, distribution, etc 2009
270 ## - ADDRESS
Address कालिन्दी, ट्रांसपोर्ट,नगर
City मेरठ
Telephone number 0121-2401479
Fax number 0121- 2401648
Electronic mail address info@arihantbooks.com
300 ## - PHYSICAL DESCRIPTION
Extent वि.पृ
Dimensions 24सेमी (अजिल्द)
490 ## - SERIES STATEMENT
Series statement CDSE Study Skills
500 ## - GENERAL NOTE
General note डी.वी.ए.डी में प्राप्त पुस्तकें वी.पी.पी.डी.में उपहार स्वरूप दी गई
500 ## - GENERAL NOTE
General note (संघ लोक सेवा आयोग द्वारा आयोजित)
942 ## - ADDED ENTRY ELEMENTS (KOHA)
Source of classification or shelving scheme Dewey Decimal Classification
Item type Hindi Books
Call number suffix सीडीए
Classification part 000
Holdings
Withdrawn status Lost status Source of classification or shelving scheme Damaged status Not for loan Home library Current library Date acquired Cost, normal purchase price Total Checkouts Full call number Date last seen Copy number Cost, replacement price Koha item type Source of acquisition Total Renewals Barcode
    Dewey Decimal Classification   Ordered Andrews Gunj Andrews Gunj 13/05/2010 425.00   000 सीडीए 13/05/2010 1 425.00 Hindi Books      
Withdrawn   Dewey Decimal Classification     Janak Puri Janak Puri 13/05/2010 425.00 23 000 सीडीए 02/05/2013 1 425.00 Hindi Books DBAD/VEN/सुरेन्द्र कुमार एंड संस 2 B-406502

© Delhi Public Library
Hit Counter
free hit counter